000 00288nam a22001337a 4500
008 190305b xxu||||| |||| 00| 0 eng d
020 _a0515
041 _aeng
080 _217th
_a521
100 _a42
101 _aAST
245 _aAn Introduction to Astromy
_cBaker
942 _2udc
_cBK
999 _c54481
_d54481